Muhammadan Law : (Record no. 110)

MARC details
000 -LEADER
fixed length control field 00686cam a22002051i 4500
003 - CONTROL NUMBER IDENTIFIER
control field OSt
005 - DATE AND TIME OF LATEST TRANSACTION
control field 20171019183308.0
008 - FIXED-LENGTH DATA ELEMENTS--GENERAL INFORMATION
fixed length control field 770509s1931 enk b 001 0 eng
010 ## - LIBRARY OF CONGRESS CONTROL NUMBER
LC control number 31018659
040 ## - CATALOGING SOURCE
Original cataloging agency DLC
Transcribing agency UU
Modifying agency OCoLC
-- MnU-L
-- DLC
082 ## - DEWEY DECIMAL CLASSIFICATION NUMBER
Edition number 22
Classification number 340.59
Item number VES
100 2# - MAIN ENTRY--PERSONAL NAME
Personal name Vesey-Fitzgerald, Seymour.
Dates associated with a name 1884-
9 (RLIN) 288
245 10 - TITLE STATEMENT
Title Muhammadan Law :
Remainder of title an abridgement according to its various schools /
Statement of responsibility, etc Seymour Vesey-Fitzgerald.
260 ## - PUBLICATION, DISTRIBUTION, ETC. (IMPRINT)
Place of publication, distribution, etc Oxford :
Name of publisher, distributor, etc University Press ;
Place of publication, distribution, etc London :
Name of publisher, distributor, etc Humphrey Milford,
Date of publication, distribution, etc 1931.
300 ## - PHYSICAL DESCRIPTION
Extent xv, 252 p. ;
Dimensions 23 cm.
500 ## - GENERAL NOTE
General note Includes index.
504 ## - BIBLIOGRAPHY, ETC. NOTE
Bibliography, etc Bibliography: p. 232-239.<br/>Includes index.
650 #0 - SUBJECT ADDED ENTRY--TOPICAL TERM
Topical term or geographic name as entry element Islamic law.
9 (RLIN) 251
942 ## - ADDED ENTRY ELEMENTS (KOHA)
Source of classification or shelving scheme Dewey Decimal Classification
Koha item type Books
Holdings
Withdrawn status Lost status Source of classification or shelving scheme Damaged status Not for loan Home library Current library Shelving location Date acquired Total Checkouts Full call number Barcode Date last seen Price effective from Koha item type
    Dewey Decimal Classification     Law Development Centre Main Library Law Development Centre Main Library Text Books and Laws 04/08/2011   340.59 VES 2011/2617 04/08/2011 04/08/2011 Books